00738nam a2200229Ia 4500003000400000005001700004008004100021020002100062040000700083041000800090082002100098100002500119245006000144260004700204300001700251365001400268650002600282906003700308942001200345999001900357952013200376OSt20230426112929.0210423s2011 xx 000 0 und d a978-8-89948-43-6 cAL aeng a821.4 223bMILP aMILTON (John)993250 aPoetical works of John MiltoncBEECHING (Henry Charles) aNew DelhibSrishti Book Distributorsc2011 axix, 530bHB b2100cINR aEnglish Poetry993251 aJohn ; Milton ; Poetical ; works 2ddccBK c170333d170333 001040708MAENGaSACPGbSACPGd2019-09-09eVidya Viharg2100.00l0o821.4 MILPpPG016835r2022-08-24 00:00:00w2021-04-26yBK